000 01221cam a2200373 i 4500
999 _c11235
_d11235
001 17552308
003 OSt
005 20191231153020.0
008 121206s2012 ii b 001 0 eng
010 _a 2012406572
020 _a9780198078838 (hbk.)
020 _a0198078838 (hbk.)
040 _aDLC
_beng
_coclc
_erda
_dDLC
042 _apcc
043 _aa-cc---
050 0 0 _aHC427.92
_b.M355 2012
082 0 0 _a330.951
_223
_bMAL/W
100 _aMalik, Khalid
_91000
245 1 0 _aWhy Has China Grown So Fast for So Long? /
_cKhalid Malik
250 _a1st ed.
264 1 _aNew Delhi, India :
_bOXFORD UNIVERSITY PRESS,
_c2012.
300 _a 253 p
_c23 cm
336 _atext
_2rdacontent
337 _aunmediated
_2rdamedia
338 _avolume
_2rdacarrier
504 _aIncludes bibliographical references and index.
650 0 _aEconomic development
_zChina.
651 0 _aChina
_xEconomic conditions
_y1976-2000.
651 0 _aChina
_xEconomic conditions
_y2000-
651 0 _aChina
_xEconomic policy.
906 _a7
_bcbc
_corigres
_d2
_encip
_f20
_gy-gencatlg
942 _2ddc
_cBK
_h330.951
_iMAL/W
_k330.951
_mMAL/W